Врата на боговете (Запис номер 346819)
[ съкратено ]
| 000 -Лидер | |
|---|---|
| Контролно поле с фиксирана дължина | 01098nam a2200265 a 4500 |
| 003 - Код на организацията, давaща контролен номер | |
| Контролно поле | BLK |
| 005 - Дата и час на последна редакция | |
| Контролно поле | 20240717131501.0 |
| 008 - Елементи от данни с фиксирана дължина | |
| fixed length control field | 190705b bu o|||gr|||| 00| 0 bu d |
| 020 ## - Международен стандартен номер на книга ISBN | |
| Международен стандартен номер на книга ISBN | 9786197300840 |
| 040 ## - Източник на каталожния запис | |
| Идентификатор на билиотеката - собственик на записа | BLK |
| 041 ## - Код за език | |
| Код за езика на текст/звукозапис или на отделно заглавие | Български |
| Код за езика КДБФ | Български |
| 080 ## - УДК | |
| Текстов определител УДК | Откривателски пътешествия. Експедиции |
| УДК код - определител по УДК | 910.4 |
| УДК определител | (8) |
| УДК - код + определител | 910.4(8) |
| 080 ## - УДК | |
| Текстов определител УДК | Българска литература |
| УДК код - определител по УДК | 821.163.2 |
| УДК определител | -992 |
| УДК - код + определител | 821.163.2-992 |
| 100 ## - Редна дума - Автор | |
| Автор | Лаптева, Гергана Гришева |
| Авторска отговорност | първи автор |
| R(LIN) | 1299 |
| 139 ## - Редно поле | |
| Редна дума | Лаптева, Гергана Гришева |
| Авторски знак | Лап - Л 24 |
| 245 ## - Сведения за заглавието | |
| Заглавие | Врата на боговете |
| Подзаглавни данни | Южна Америка - истории от света на инките |
| 260 ## - Област на издателските данни | |
| 9 (RLIN) | 214255 |
| Място на издаване, разпространение и проч. | София |
| Име на издателя, разпространителя и проч. | Вакон |
| Година на издаване | 2019 |
| Издателство - префикс ISBN | 978-619-7300- ; 978-954-9535- ; 978-954-91843- |
| 300 ## - Физическа характеристика | |
| Страници | 160 с. |
| Илюстрации и др. | с цв. ил. |
| Размери/Мащаб | 24 см |
| 380 ## - Жанр | |
| Жанр | География |
| 650 #0 - Допълнително описание по предмет – тема | |
| 9 (RLIN) | 401232 |
| Основно описание – тема или топоним | Южна Америка - пътеписи |
| 852 ## - Местоположение | |
| Фондова буква | Заемна - подръчен фонд |
| Систематично-азбучна сигнатура | 910.4/Л 24 Г |
| 942 ## - АРТИКУЛИ | |
| Вид на библиотечния материал | Книги |
| Скрит в OPAC | Не |
| Периодичен библиозапис | Да |
| Koha issues (borrowed), all copies | 11 |
| 944 ## - СЪЗДАВАНЕ И РЕДАКЦИЯ на ЗАПИСА | |
| Създаване/Редакция | Създаване |
| Дата на регистрацията/редакция | 2019-11-28 |
| Служител, извършил регистрацията/редакцията | 30576 |
| Статус, дата на статуса | Цветомила Тодорова |
| 944 ## - СЪЗДАВАНЕ И РЕДАКЦИЯ на ЗАПИСА | |
| Създаване/Редакция | Редакция |
| 999 ## - СИСТЕМНИ КОНТРОЛНИ НОМЕРА | |
| Koha biblionumber | 346819 |
| Koha biblioitemnumber | 346819 |
| Код за отписване | Код за изгубен артикул | Източник на класификационната схема | Код за повреда | Коз за рестрикции | Код за отдаване | Артикулен № | Име на библиотеката - собственик | Име на библиотеката, в която се намира в момента | Статус (Текущо местоположение) | Дата на вписване в системата | Местоположение - отдел | Цена в лева | Систематично азбучна сигнатура | Баркод | Цена в евро | Служебен тип на артикула | Инвентарен номер |
|---|---|---|---|---|---|---|---|---|---|---|---|---|---|---|---|---|---|
| Не е изгубен | Universal Decimal Classification | Не е повреден | без рестрикции | заемане за дома | 753203 | Регионална библиотека "Любен Каравелов" Русе | Регионална библиотека "Любен Каравелов" Русе | Заемна - подръчен фонд | 2019-12-23 | Заемна - подръчен фонд | 15.00 | П 910.4/Л 24 | 120000840442 | 7.67 | Книги | ||
| Не е изгубен | Universal Decimal Classification | Не е повреден | само за читалня | ползва се в читалня | 846564 | Регионална библиотека "Любен Каравелов" Русе | Регионална библиотека "Любен Каравелов" Русе | Хранилище | 2021-08-04 | Хранилище | 20.00 | Цб 308809 | 120000859071 | 10.23 | Книги | ||
| Не е изгубен | Universal Decimal Classification | Не е повреден | заемане за дома | 946073 | Регионална библиотека "Любен Каравелов" Русе | Регионална библиотека "Любен Каравелов" Русе | Заемна - подръчен фонд | 2024-07-17 | Заемна - подръчен фонд | 20.00 | 910.4/Л 24 Г | 120000911215 | 10.23 | Книги | 120000911215 |